000 00763cam a22002651 4500
001 3120589
003 OSt
005 20250901165820.0
008 700901t19691968nyu 000 0 eng
010 _a 68012696
020 _a0030686601
040 _aDLC
_cDLC
_dDLC
043 _an-us---
_ae------
050 0 0 _aE 184 . 2 .B3 1968
_b.B3
082 0 0 _a301.453/73/04
100 1 _aBainbridge, John,
_d1913-1992.
245 1 0 _aAnother way of living;
_ba gallery of Americans who choose to live in Europe.
250 _a[1st ed.]
260 _aNew York,
_bHolt, Rinehart, and Winston
_c[1969, c1968]
300 _a381 p.
_c24 cm.
350 _a7.95
650 0 _aAmericans
_zEurope.
906 _a7
_bcbc
_corignew
_du
_encip
_f19
_gy-gencatlg
942 _2lcc
_cBK
999 _c9576
_d9576